Văn hóa thế kỷ XX : Từ điển lịch sử văn hoá = La culture du XX sìecle: Dictionnaire d'histoire culturelle

সংরক্ষণ করুন:
গ্রন্থ-পঞ্জীর বিবরন
প্রধান লেখক: Fragonard, Michel
বিন্যাস: গ্রন্থ
ভাষা:Undetermined
প্রকাশিত: Hà Nội Chính trị quốc gia 1999
বিষয়গুলি:
ট্যাগগুলো: ট্যাগ যুক্ত করুন
কোনো ট্যাগ নেই, প্রথমজন হিসাবে ট্যাগ করুন!
Thư viện lưu trữ: Trung tâm Học liệu Trường Đại học Cần Thơ
LEADER 00652nam a2200193Ia 4500
001 CTU_92676
008 210402s9999 xx 000 0 und d
082 |a 030 
082 |b F811 
100 |a Fragonard, Michel 
245 0 |a Văn hóa thế kỷ XX : 
245 0 |b Từ điển lịch sử văn hoá = La culture du XX sìecle: Dictionnaire d'histoire culturelle 
245 0 |c Michel Fragonard; Chu Tiến Anh dịch 
260 |a Hà Nội 
260 |b Chính trị quốc gia 
260 |c 1999 
650 |a Encyclopedias and dictionaries 
904 |i Tuyến 
980 |a Trung tâm Học liệu Trường Đại học Cần Thơ